[Event "Ruhrgebiet Verbandsliga Gruppe 1 1819"]
[Site "Nordrheinwestfalen"]
[Date "2019.05.05"]
[Round "9.4"]
[White "Volesky, Alexander"]
[Black "Borchert, Louis"]
[Result "0-1"]
[WhiteElo "2015"]
[BlackElo "1927"]
[PlyCount "82"]
[EventDate "2018.09.23"]
[EventType "team-tourn"]
[EventRounds "9"]
[EventCountry "GER"]
[SourceTitle "EXT 2022"]
[Source "ChessBase"]
[SourceDate "2021.10.06"]
[SourceVersion "1"]
[SourceVersionDate "2021.10.06"]
[SourceQuality "1"]
[WhiteTeam "Ahlen SV"]
[BlackTeam "Brackel SF II"]
[WhiteTeamCountry "GER"]
[BlackTeamCountry "GER"]

1. d4 d5 2. Bf4 Nf6 3. e3 c5 4. c3 Nc6 5. Nd2 Bf5 6. Qb3 Qb6 7. dxc5 Qxb3 8. Nxb3 e5 9. Bg3 Ne4 10. Bb5 f6 11. 0-0-0 0-0-0 12. Bd3 Bg6 13. Bxe4 dxe4 14. Ne2 Be7 15. f4 Bh5 16. Rhe1 Rd3 17. Bf2 Rxd1+ 18. Kxd1 Rd8+ 19. Kc1 Bg6 20. g4 h5 21. h3 hxg4 22. hxg4 Rh8 23. f5 Bf7 24. Ng3 Rh4 25. Nxe4 Rxg4 26. Ned2 e4 27. Rg1 Ne5 28. Rxg4 Nxg4 29. Bg1 Bxb3 30. Nxb3 Kd7 31. Nd4 Bxc5 32. Ne6 Bxe3+ 33. Bxe3 Nxe3 34. Nxg7 Kd6 35. Kd2 Nc4+ 36. Kc2 Ke5 37. Ne8 Ne3+ 38. Kd2 Nxf5 39. b4 Ne7 40. a4 Nd5 41. a5 a6 0-1

[Event "Ruhrgebiet Verbandsliga Gruppe 1 1819"]
[Site "Nordrheinwestfalen"]
[Date "2019.01.20"]
[Round "5.3"]
[White "Volesky, Alexander"]
[Black "Broszeit, Peter"]
[Result "1-0"]
[WhiteElo "2036"]
[BlackElo "1906"]
[PlyCount "93"]
[EventDate "2018.09.23"]
[EventType "team-tourn"]
[EventRounds "9"]
[EventCountry "GER"]
[SourceTitle "EXT 2022"]
[Source "ChessBase"]
[SourceDate "2021.10.06"]
[SourceVersion "1"]
[SourceVersionDate "2021.10.06"]
[SourceQuality "1"]
[WhiteTeam "Ahlen SV"]
[BlackTeam "Erkenschwick II"]
[WhiteTeamCountry "GER"]
[BlackTeamCountry "GER"]

1. d4 Nf6 2. Bf4 d5 3. e3 c5 4. c3 Qb6 5. Qb3 c4 6. Qc2 Nc6 7. Nd2 Bg4 8. b3 cxb3 9. axb3 e6 10. Bd3 Be7 11. h3 Bh5 12. Ngf3 Bg6 13. 0-0 0-0 14. Ne5 Nxe5 15. Bxe5 Bxd3 16. Qxd3 Nd7 17. Bg3 Bd6 18. Bxd6 Qxd6 19. Ra2 a6 20. Rfa1 Rac8 21. c4 Nb8 22. c5 Qd7 23. b4 Nc6 24. Qb3 e5 25. b5 axb5 26. Qxb5 Qe7 27. Nf3 e4 28. Ne1 f5 29. Rb1 Rc7 30. g3 h5 31. Qe2 g6 32. Ng2 Qf7 33. h4 Kh7 34. Nf4 Rd7 35. Rb6 Rg8 36. Nh3 Kh6 37. Qd1 Re8 38. Qb3 Ree7 39. Ra8 Rd8 40. Ng5 Qg8 41. Rxd8 Nxd8 42. Rd6 Nc6 43. Qxd5 Qxd5 44. Rxd5 Nb4 45. Rd6 Rc7 46. Rd8 Na6 47. Ne6 1-0

[Event "Ruhrgebiet Verbandsliga Gruppe 1 1819"]
[Site "Nordrheinwestfalen"]
[Date "2018.12.02"]
[Round "4.3"]
[White "Birdaini, Becir"]
[Black "Volesky, Alexander"]
[Result "0-1"]
[WhiteElo "2044"]
[BlackElo "2048"]
[PlyCount "60"]
[EventDate "2018.09.23"]
[EventType "team-tourn"]
[EventRounds "9"]
[EventCountry "GER"]
[SourceTitle "EXT 2022"]
[Source "ChessBase"]
[SourceDate "2021.10.06"]
[SourceVersion "1"]
[SourceVersionDate "2021.10.06"]
[SourceQuality "1"]
[WhiteTeam "Altenessen"]
[BlackTeam "Ahlen SV"]
[WhiteTeamCountry "GER"]
[BlackTeamCountry "GER"]

1. e4 c5 2. Nf3 e6 3. Nc3 a6 4. a3 b5 5. d3 Nc6 6. Be2 Nf6 7. 0-0 Be7 8. a4 b4 9. Nb1 d5 10. Nbd2 0-0 11. b3 Qc7 12. Bb2 Bb7 13. h3 Rad8 14. Qe1 Nd4 15. Bd1 dxe4 16. Nxd4 cxd4 17. Nc4 Qf4 18. Bc1 Qf5 19. Be2 Nd7 20. Bd2 a5 21. Bg4 Qg6 22. Qe2 f5 23. Bh5 exd3 24. Bxg6 dxe2 25. Bxh7+ Kxh7 26. Rfe1 Ra8 27. Rxe2 Bd5 28. Rae1 Bxc4 29. bxc4 e5 30. f3 Rac8 0-1

[Event "Ruhrgebiet Regionalliga 1718"]
[Site "Germany"]
[Date "2018.03.04"]
[Round "7.5"]
[White "Canzler, Harald"]
[Black "Volesky, Alexander"]
[Result "1/2-1/2"]
[WhiteElo "1961"]
[BlackElo "1988"]
[PlyCount "105"]
[EventDate "2017.10.01"]
[EventType "team-tourn"]
[EventRounds "9"]
[EventCountry "GER"]
[SourceTitle "EXT 2022"]
[Source "ChessBase"]
[SourceDate "2021.10.06"]
[SourceVersion "1"]
[SourceVersionDate "2021.10.06"]
[SourceQuality "1"]
[WhiteTeam "Dortmund SV"]
[BlackTeam "Ahlen SV"]
[WhiteTeamCountry "GER"]
[BlackTeamCountry "GER"]

1. Nf3 Nf6 2. g3 b6 3. Bg2 Bb7 4. 0-0 e6 5. d3 Be7 6. e4 0-0 7. Re1 c5 8. Nbd2 Nc6 9. c3 Rc8 10. a3 b5 11. Nf1 Qb6 12. Bg5 h6 13. Bf4 a5 14. h3 Rfd8 15. g4 Nh7 16. h4 d5 17. e5 d4 18. Qe2 dxc3 19. bxc3 b4 20. N1d2 Ba6 21. c4 b3 22. Rab1 a4 23. g5 hxg5 24. Nxg5 Bxg5 25. Bxg5 Nxg5 26. hxg5 Bb7 27. g6 fxg6 28. Qg4 Nd4 29. Qxg6 Bxg2 30. Kxg2 Qb7+ 31. Ne4 Qf7 32. Qxf7+ Kxf7 33. Nd6+ Kg6 34. Nxc8 Rxc8 35. Rb2 Rh8 36. Kg3 Nc2 37. Rxc2 bxc2 38. Rc1 Rd8 39. Rxc2 Rxd3+ 40. Kg4 Rxa3 41. f4 Ra1 42. Kf3 a3 43. Ke3 a2 44. Rg2+ Kf7 45. Re2 Rc1 46. Rxa2 Rxc4 47. Ra7+ Kg6 48. Rc7 Rc3+ 49. Ke4 Rc1 50. Re7 Re1+ 51. Kf3 Rf1+ 52. Ke4 Re1+ 53. Kf3 1/2-1/2

[Event "Ruhrgebiet Regionalliga 1617"]
[Site "Germany"]
[Date "2017.03.19"]
[Round "8.7"]
[White "Volesky, Alexander"]
[Black "Friedrich, Patrick"]
[Result "1-0"]
[WhiteElo "1977"]
[BlackElo "1963"]
[PlyCount "47"]
[EventDate "2016.09.11"]
[EventType "team-tourn"]
[EventRounds "9"]
[EventCountry "GER"]
[SourceTitle "EXT 2022"]
[Source "ChessBase"]
[SourceDate "2021.10.06"]
[SourceVersion "1"]
[SourceVersionDate "2021.10.06"]
[SourceQuality "1"]
[WhiteTeam "Ahlen SV"]
[BlackTeam "Borbeck Weisse Dame"]
[WhiteTeamCountry "GER"]
[BlackTeamCountry "GER"]

1. e4 c5 2. Nf3 g6 3. d4 cxd4 4. Nxd4 Bg7 5. Nc3 Nc6 6. Be3 Nf6 7. Bc4 0-0 8. Bb3 a5 9. a3 a4 10. Ba2 Qa5 11. 0-0 d6 12. h3 Nxd4 13. Bxd4 Be6 14. Nd5 Nxd5 15. exd5 Bd7 16. Bxg7 Kxg7 17. Qd4+ f6 18. Rfe1 Kf7 19. Re3 Rae8 20. Rae1 Qc7 21. c3 b6 22. Qh4 Rh8 23. Qh6 Qc5 24. Rxe7+ 1-0

[Event "Ruhrgebiet Regionalliga 1617"]
[Site "Germany"]
[Date "2016.11.06"]
[Round "3.7"]
[White "Ribbeheger, Edgar"]
[Black "Volesky, Alexander"]
[Result "1/2-1/2"]
[WhiteElo "2047"]
[BlackElo "1935"]
[PlyCount "68"]
[EventDate "2016.09.11"]
[EventType "team-tourn"]
[EventRounds "9"]
[EventCountry "GER"]
[SourceTitle "EXT 2022"]
[Source "ChessBase"]
[SourceDate "2021.10.06"]
[SourceVersion "1"]
[SourceVersionDate "2021.10.06"]
[SourceQuality "1"]
[WhiteTeam "Sodingen/Castrop SK"]
[BlackTeam "Ahlen SV"]
[WhiteTeamCountry "GER"]
[BlackTeamCountry "GER"]

1. d4 Nf6 2. Nf3 e6 3. Bg5 Be7 4. e3 b6 5. Be2 Bb7 6. 0-0 Ne4 7. Bxe7 Qxe7 8. Nbd2 f5 9. Nxe4 Bxe4 10. Nd2 Bc6 11. Bf3 0-0 12. c4 Bxf3 13. Nxf3 d6 14. Rc1 Nd7 15. c5 bxc5 16. dxc5 Nxc5 17. b4 Ne4 18. Rc6 a5 19. Qc2 axb4 20. Rxc7 Qf6 21. Nd4 Nc5 22. Nb5 Qe5 23. Nxd6 Qxd6 24. Rxc5 Rfd8 25. h3 Qd2 26. Qb3 Rd6 27. Rc2 Qd3 28. Qxb4 Qxc2 29. Qxd6 Qxa2 30. Rd1 Ra7 31. Rd2 Qa6 32. Qc5 Kf7 33. Rd6 Qa1+ 34. Kh2 Re7 1/2-1/2

[Event "Ruhrgebiet Regionalliga 1516"]
[Site "Germany"]
[Date "2016.01.17"]
[Round "5.6"]
[White "Volesky, Alexander"]
[Black "Mainusch, Martin"]
[Result "1-0"]
[WhiteElo "1913"]
[BlackElo "2000"]
[PlyCount "143"]
[EventDate "2015.09.13"]
[EventType "team-tourn"]
[EventRounds "9"]
[EventCountry "GER"]
[SourceTitle "EXT 2022"]
[Source "ChessBase"]
[SourceDate "2021.10.06"]
[SourceVersion "1"]
[SourceVersionDate "2021.10.06"]
[SourceQuality "1"]
[WhiteTeam "Ahlen SV"]
[BlackTeam "Muelheim Nord III"]
[WhiteTeamCountry "GER"]
[BlackTeamCountry "GER"]

1. e4 e6 2. d4 d5 3. Nc3 Nf6 4. e5 Nfd7 5. f4 c5 6. Nce2 Nc6 7. c3 cxd4 8. cxd4 Qb6 9. a3 Be7 10. g3 0-0 11. Bh3 Na5 12. Nf3 f5 13. 0-0 Nb8 14. g4 Nbc6 15. b4 Nc4 16. gxf5 exf5 17. Nc3 Be6 18. Na4 Qc7 19. Nc5 Qc8 20. Qd3 g6 21. Ra2 b6 22. Nxe6 Qxe6 23. Bd2 b5 24. Be1 Kh8 25. Bg2 a6 26. Re2 Rfb8 27. Bh4 Bxh4 28. Nxh4 a5 29. Rb1 axb4 30. axb4 Ra3 31. Qd1 Rba8 32. Nf3 h6 33. Rb3 R3a4 34. Qe1 Kh7 35. Qh4 Ra1+ 36. Kf2 Kg7 37. Rc2 Rd1 38. Bf1 Rxf1+ 39. Kxf1 Ra1+ 40. Ke2 Ra4 41. Rc1 Ra2+ 42. Ke1 Qe7 43. Qxe7+ Nxe7 44. Rbb1 Na3 45. Rc7 Nxb1 46. Rxe7+ Kf8 47. Rc7 Na3 48. e6 Nc2+ 49. Kd1 Ne3+ 50. Kc1 Nc4 51. Nh4 Ra1+ 52. Kc2 Rg1 53. Nf3 Rf1 54. Ne5 Nxe5 55. fxe5 Rf2+ 56. Kd3 Rb2 57. Rd7 Rb3+ 58. Kc2 Rxb4 59. Rxd5 Ke7 60. Rd6 g5 61. Kc3 Rc4+ 62. Kd3 Ra4 63. Rb6 Ra3+ 64. Kd2 Ra2+ 65. Kc3 f4 66. d5 Ra8 67. Rb7+ Ke8 68. d6 f3 69. Rh7 Kf8 70. Rh8+ Kg7 71. Rxa8 f2 72. Ra1 1-0

[Event "Munsterland op 33rd"]
[Site "Senden"]
[Date "2015.10.11"]
[Round "3"]
[White "Volesky, Alexander"]
[Black "Gebhardt, Ulrich"]
[Result "0-1"]
[WhiteElo "1983"]
[BlackElo "2170"]
[PlyCount "50"]
[EventDate "2015.10.10"]
[EventType "swiss"]
[EventRounds "9"]
[EventCountry "GER"]
[SourceTitle "CBM 168 Extra"]
[Source "ChessBase"]
[SourceDate "2015.10.29"]
[SourceVersion "1"]
[SourceVersionDate "2015.10.29"]
[SourceQuality "1"]

1. e4 c5 2. Nf3 e6 3. d4 cxd4 4. Nxd4 Nf6 5. Bd3 Nc6 6. Be3 d5 7. Nd2 Bd6 8. 0-0 0-0 9. Nb5 Be7 10. Bg5 Ne5 11. Be2 a6 12. Nc3 d4 13. f4 dxc3 14. fxe5 cxb2 15. exf6 bxa1Q 16. Qxa1 Bc5+ 17. Kh1 Bd4 18. Qe1 Bxf6 19. Bxf6 gxf6 20. e5 f5 21. Bd3 Kh8 22. Rf3 Rg8 23. Nc4 Bd7 24. Nd6 Qe7 25. Nc4 Bc6 0-1

[Event "Ruhrgebiet Verbandsliga Gruppe 2 1415"]
[Site "Germany"]
[Date "2015.03.01"]
[Round "7.7"]
[White "Zwielich, Frank"]
[Black "Volesky, Alexander"]
[Result "1-0"]
[WhiteElo "1974"]
[BlackElo "1923"]
[PlyCount "77"]
[EventDate "2014.09.21"]
[EventType "team-tourn"]
[EventRounds "9"]
[EventCountry "GER"]
[SourceTitle "EXT 2022"]
[Source "ChessBase"]
[SourceDate "2021.10.06"]
[SourceVersion "1"]
[SourceVersionDate "2021.10.06"]
[SourceQuality "1"]
[WhiteTeam "Wattenscheid SV III"]
[BlackTeam "Ahlen SV"]
[WhiteTeamCountry "GER"]
[BlackTeamCountry "GER"]

1. d4 Nf6 2. Nf3 e6 3. Bf4 b6 4. e3 Bb7 5. Bd3 Be7 6. h3 Ne4 7. Nbd2 f5 8. Qe2 c5 9. 0-0-0 Nxd2 10. Rxd2 0-0 11. Rg1 Be4 12. g4 Nc6 13. gxf5 exf5 14. Bc4+ d5 15. dxc5 Na5 16. Ne5 Nxc4 17. Nxc4 b5 18. Nd6 Qa5 19. Be5 Bf6 20. Bxf6 Rxf6 21. Kb1 f4 22. Rd4 fxe3 23. fxe3 Raf8 24. Nxe4 dxe4 25. Rxe4 Rf2 26. Qd3 Rg2 27. Rg4 Rxg4 28. hxg4 Rd8 29. Qb3+ Kh8 30. a3 a6 31. Qb4 Qc7 32. Rf1 Qe7 33. c6 Qe8 34. Qc5 h6 35. c7 Rc8 36. Qd6 Kh7 37. e4 Qxe4 38. Rf8 Qxg4 39. Rxc8 1-0

[Event "Unna op"]
[Site "Unna"]
[Date "2014.12.28"]
[Round "3"]
[White "Volesky, Alexander"]
[Black "Georg, Heinz"]
[Result "0-1"]
[WhiteElo "1947"]
[BlackElo "2160"]
[PlyCount "62"]
[EventDate "2014.12.27"]
[EventType "swiss"]
[EventRounds "7"]
[EventCountry "GER"]
[SourceTitle "CBM 164 Extra"]
[Source "ChessBase"]
[SourceDate "2015.03.02"]
[SourceVersion "1"]
[SourceVersionDate "2015.03.02"]
[SourceQuality "1"]

1. e4 e5 2. Nf3 Nc6 3. Bb5 f5 4. d3 fxe4 5. dxe4 Nf6 6. 0-0 d6 7. Nc3 Be7 8. Qd3 Be6 9. Ng5 Bg8 10. f4 Nd7 11. Nd5 Bxg5 12. fxg5 Nd4 13. Ba4 c6 14. c3 Nc5 15. Qd1 Nde6 16. Nb4 Nxa4 17. Qxa4 Nc5 18. Qd1 Bc4 19. Re1 0-0 20. b3 Bf7 21. Nd3 Bh5 22. Qxh5 Nxd3 23. Re3 Qb6 24. Qe2 Nf4 25. Qe1 Rf7 26. Kh1 Raf8 27. Bd2 Ne6 28. h3 g6 29. Qe2 Nf4 30. Qg4 Nxg2 31. Rd3 Rf1+ 0-1

[Event "Ruhrgebiet Verbandsliga Gruppe 2 1415"]
[Site "Germany"]
[Date "2014.11.16"]
[Round "3"]
[White "Pilat, Fabian"]
[Black "Volesky, Alexander"]
[Result "1/2-1/2"]
[WhiteElo "1946"]
[BlackElo "1947"]
[PlyCount "23"]
[EventDate "2014.09.21"]
[EventType "team-tourn"]
[EventRounds "9"]
[EventCountry "GER"]
[SourceTitle "EXT 2022"]
[Source "ChessBase"]
[SourceDate "2021.10.06"]
[SourceVersion "1"]
[SourceVersionDate "2021.10.06"]
[SourceQuality "1"]
[WhiteTeam "Bochum SG III"]
[BlackTeam "Ahlen SV"]
[WhiteTeamCountry "GER"]
[BlackTeamCountry "GER"]

1. d4 Nf6 2. Nf3 e6 3. e3 b6 4. Bd3 Bb7 5. 0-0 Ne4 6. c4 f5 7. Nc3 Bb4 8. Ne2 0-0 9. Qc2 g5 10. Ng3 g4 11. Ne5 Nxg3 12. hxg3 1/2-1/2

[Event "Ruhrgebiet Verbandsliga Gruppe 2 1415"]
[Site "Germany"]
[Date "2014.09.21"]
[Round "1.7"]
[White "Krueger, Sven"]
[Black "Volesky, Alexander"]
[Result "0-1"]
[WhiteElo "1955"]
[BlackElo "1947"]
[PlyCount "58"]
[EventDate "2014.09.21"]
[EventType "team-tourn"]
[EventRounds "9"]
[EventCountry "GER"]
[SourceTitle "EXT 2022"]
[Source "ChessBase"]
[SourceDate "2021.10.06"]
[SourceVersion "1"]
[SourceVersionDate "2021.10.06"]
[SourceQuality "1"]
[WhiteTeam "Brackel SF II"]
[BlackTeam "Ahlen SV"]
[WhiteTeamCountry "GER"]
[BlackTeamCountry "GER"]

1. e4 c5 2. Nf3 e6 3. d4 cxd4 4. Nxd4 a6 5. Nc3 Qc7 6. Be2 Nf6 7. 0-0 Bc5 8. Bg5 d6 9. Bxf6 gxf6 10. Bh5 b5 11. a3 Rg8 12. Nb3 Bb7 13. Qd2 Rg5 14. Bf3 Nd7 15. h4 Rg8 16. Nxc5 Qxc5 17. b4 Qc7 18. a4 Rc8 19. Ra3 Ne5 20. Be2 bxa4 21. Rd1 Ke7 22. Nxa4 Bxe4 23. Rc3 Rxg2+ 24. Kf1 Nc6 25. Bxa6 Rcg8 26. b5 Rg1+ 27. Ke2 Rxd1 28. Kxd1 Qa5 29. Rxc6 Bf3+ 0-1

[Event "NRW Verbandsliga Group1 1314"]
[Site "Nordrheinwestfalen"]
[Date "2013.11.24"]
[Round "4.8"]
[White "Bauch, Ralf"]
[Black "Volesky, Alexander"]
[Result "1-0"]
[WhiteElo "1925"]
[BlackElo "1986"]
[PlyCount "65"]
[EventDate "2013.09.08"]
[EventType "team-tourn"]
[EventRounds "9"]
[EventCountry "GER"]
[SourceTitle "EXT 2020"]
[Source "ChessBase"]
[SourceDate "2019.10.17"]
[SourceVersion "1"]
[SourceVersionDate "2019.10.17"]
[SourceQuality "1"]
[WhiteTeam "Doppelbauer Brambauer"]
[BlackTeam "Ahlen SV"]
[WhiteTeamCountry "GER"]
[BlackTeamCountry "GER"]

1. d4 Nf6 2. c4 g6 3. Nc3 Bg7 4. e4 d6 5. f3 0-0 6. Be3 e5 7. Nge2 Nbd7 8. d5 Ne8 9. Qd2 f5 10. Bg5 Bf6 11. Bh6 Rf7 12. exf5 gxf5 13. 0-0-0 Nb6 14. Ng3 Bh4 15. Nh5 f4 16. Ne4 Rf5 17. g4 fxg3 18. Nhxg3 Rf7 19. Rg1 Kh8 20. Bg5 Bxg5 21. Nxg5 Rf8 22. Bd3 Nf6 23. h4 Qe8 24. Rde1 Bd7 25. f4 Ng4 26. f5 Nf6 27. Ne6 Bxe6 28. fxe6 c6 29. Nf5 e4 30. Nxd6 Qd8 31. Nf7+ Rxf7 32. exf7 exd3 33. Qg5 1-0

[Event "Ruhrgebiet Verbandsliga2 1213"]
[Site "Nordrheinwestfalen"]
[Date "2012.09.30"]
[Round "2.4"]
[White "Volesky, Alexander"]
[Black "Weinert, Christian"]
[Result "1-0"]
[WhiteElo "1921"]
[BlackElo "1919"]
[PlyCount "61"]
[EventDate "2012.09.02"]
[EventType "team-tourn"]
[EventRounds "9"]
[EventCountry "GER"]
[SourceTitle "EXT 2020"]
[Source "ChessBase"]
[SourceDate "2019.10.17"]
[SourceVersion "1"]
[SourceVersionDate "2019.10.17"]
[SourceQuality "1"]
[WhiteTeam "Ahlen SV II"]
[BlackTeam "Mengede SG"]
[WhiteTeamCountry "GER"]
[BlackTeamCountry "GER"]

1. e4 e5 2. Nf3 d6 3. d4 exd4 4. Nxd4 Nf6 5. Nc3 Be7 6. Bc4 0-0 7. Bb3 Re8 8. 0-0 Bf8 9. Re1 Nbd7 10. Bg5 h6 11. Bh4 Nc5 12. f3 c6 13. Bc4 g5 14. Bf2 a5 15. Qd2 Qc7 16. a4 Bd7 17. Be3 Be6 18. Bxe6 fxe6 19. h4 gxh4 20. Bxh6 Qh7 21. Qg5+ Kf7 22. Bxf8 Rxf8 23. e5 dxe5 24. Qxe5 Nd5 25. Nxe6 Nxe6 26. Qxe6+ Kg7 27. Nxd5 cxd5 28. Qxd5 Rf7 29. Re4 Qh6 30. Qd4+ Kf8 31. Rxh4 1-0

[Event "Ruhrgebiet VK2 1112"]
[Site "Nordrheinwestfalen"]
[Date "2012.04.22"]
[Round "9"]
[White "Volesky, Alexander"]
[Black "Uhlich, Wilfried"]
[Result "1-0"]
[WhiteElo "1810"]
[BlackElo "1858"]
[PlyCount "71"]
[EventDate "2012.09.18"]
[EventType "team-tourn"]
[EventRounds "9"]
[EventCountry "GER"]
[SourceTitle "EXT 2020"]
[Source "ChessBase"]
[SourceDate "2019.10.17"]
[SourceVersion "1"]
[SourceVersionDate "2019.10.17"]
[SourceQuality "1"]
[WhiteTeam "Ahlen SV II"]
[BlackTeam "Drewer SG"]
[WhiteTeamCountry "GER"]
[BlackTeamCountry "GER"]

1. e4 c6 2. d4 d5 3. f3 e6 4. Nc3 Nf6 5. Bg5 h6 6. Be3 Qb6 7. Rb1 Bb4 8. e5 Nfd7 9. Qd2 Na6 10. f4 c5 11. a3 Bxc3 12. Qxc3 cxd4 13. Bxd4 Qc6 14. Qe3 Qxc2 15. Rc1 Qa4 16. Bxa7 0-0 17. Bd4 Nab8 18. Nf3 Nc6 19. Bc3 Re8 20. Bd3 Nf8 21. 0-0 Bd7 22. Rf2 Qa7 23. Qd2 Rec8 24. g4 Na5 25. Bc2 Nc4 26. Qd3 Bb5 27. Nd4 Ba6 28. Qg3 Qc5 29. g5 hxg5 30. fxg5 Qc7 31. g6 fxg6 32. Bxg6 Qxe5 33. Bf7+ Kh8 34. Qh4+ Nh7 35. Nxe6 Qe3 36. Bxg7# 1-0

[Event "Ruhrgebiet VK2 1112"]
[Site "Nordrheinwestfalen"]
[Date "2012.02.12"]
[Round "6"]
[White "Horn, Stefan"]
[Black "Volesky, Alexander"]
[Result "1-0"]
[WhiteElo "1985"]
[BlackElo "1810"]
[PlyCount "93"]
[EventDate "2012.09.18"]
[EventType "team-tourn"]
[EventRounds "9"]
[EventCountry "GER"]
[SourceTitle "EXT 2020"]
[Source "ChessBase"]
[SourceDate "2019.10.17"]
[SourceVersion "1"]
[SourceVersionDate "2019.10.17"]
[SourceQuality "1"]
[WhiteTeam "Oberhausen SV III"]
[BlackTeam "Ahlen SV II"]
[WhiteTeamCountry "GER"]
[BlackTeamCountry "GER"]

1. e4 c5 2. Nf3 e6 3. d4 cxd4 4. Nxd4 a6 5. Bd3 Nf6 6. 0-0 Qc7 7. c4 Be7 8. Nc3 Nc6 9. Nc2 d6 10. f4 h5 11. f5 Ng4 12. Qe2 d5 13. Bf4 Qb6+ 14. Kh1 d4 15. Na4 Qa5 16. b3 e5 17. Bd2 Qd8 18. c5 Bg5 19. Nb6 Rb8 20. b4 Bxd2 21. Qxd2 Qh4 22. g3 Qd8 23. h3 Ne3 24. Nxe3 dxe3 25. Qxe3 Nxb4 26. Rfd1 Qe7 27. Rab1 Nc6 28. Nd5 Qd8 29. Rb6 Bxf5 30. Bxa6 Bxh3 31. Bxb7 Rxb7 32. Rxb7 Nd4 33. c6 0-0 34. c7 Qa8 35. Rb2 Bg4 36. Rg1 Kh7 37. Nb6 Qb7 38. Rbb1 Nf5 39. Nd5 Qxb1 40. Rxb1 Nxe3 41. Nxe3 Bf3+ 42. Kg1 Rc8 43. Nd5 Bxe4 44. Rb8 Bxd5 45. Rxc8 Bxa2 46. Re8 Be6 47. Rxe6 1-0

[Event "Ruhrgebiet VK2 1112"]
[Site "Nordrheinwestfalen"]
[Date "2012.01.08"]
[Round "5.4"]
[White "Neugebauer, Thomas"]
[Black "Volesky, Alexander"]
[Result "1/2-1/2"]
[WhiteElo "1926"]
[BlackElo "1810"]
[PlyCount "124"]
[EventDate "2012.09.18"]
[EventType "team-tourn"]
[EventRounds "9"]
[EventCountry "GER"]
[SourceTitle "EXT 2020"]
[Source "ChessBase"]
[SourceDate "2019.10.17"]
[SourceVersion "1"]
[SourceVersionDate "2019.10.17"]
[SourceQuality "1"]
[WhiteTeam "Altenessen"]
[BlackTeam "Ahlen SV II"]
[WhiteTeamCountry "GER"]
[BlackTeamCountry "GER"]

1. e4 c5 2. Nf3 e6 3. d3 d6 4. g3 Nf6 5. Bg2 Be7 6. 0-0 Qc7 7. Nc3 Nc6 8. Bg5 h6 9. Be3 0-0 10. Nh4 g5 11. Nf3 d5 12. exd5 exd5 13. d4 Bg4 14. h3 Bxf3 15. Bxf3 Rad8 16. Re1 Rfe8 17. Qd3 Qd7 18. Kg2 Nb4 19. Qd2 Qf5 20. Rac1 Bf8 21. a3 Nc6 22. g4 Qg6 23. Ne2 Ne4 24. Qd3 c4 25. Qd1 b5 26. Ng3 Nxg3 27. Kxg3 f5 28. gxf5 Qxf5 29. Bg4 Bd6+ 30. Kg2 Qf6 31. Bh5 Rf8 32. Qg4 b4 33. axb4 Bxb4 34. c3 Bd6 35. h4 Bf4 36. hxg5 Qxg5 37. Bxf4 Rxf4 38. Qxg5+ hxg5 39. Re6 Na5 40. Ra1 Nb3 41. Rxa7 Rdf8 42. f3 Nc1 43. Ree7 Rb8 44. Rg7+ Kf8 45. Rgb7 Rxb7 46. Rxb7 Nd3 47. Rd7 Rf6 48. Kg3 Nf4 49. Kg4 Rb6 50. Kxg5 Nxh5 51. Kxh5 Rxb2 52. Rxd5 Rc2 53. Kg4 Rxc3 54. Kf4 Ke7 55. Ke4 Ke6 56. Re5+ Kd6 57. f4 Rc1 58. Rc5 Re1+ 59. Kf5 Rc1 60. Kf6 c3 61. f5 c2 62. Kf7 Rf1 1/2-1/2

[Event "Moehnesee Cup-A 37th"]
[Site "Moehnesee"]
[Date "2011.09.02"]
[Round "2"]
[White "Volesky, Alexander"]
[Black "Thanabalasingam, Ajandhan"]
[Result "1-0"]
[WhiteElo "1973"]
[BlackElo "2011"]
[PlyCount "75"]
[EventDate "2011.09.01"]
[EventType "swiss"]
[EventRounds "7"]
[EventCountry "GER"]
[SourceTitle "EXT 2013"]
[Source "ChessBase"]
[SourceDate "2012.11.22"]
[SourceVersion "1"]
[SourceVersionDate "2012.11.22"]
[SourceQuality "1"]

1. e4 c5 2. Nf3 d6 3. d4 cxd4 4. Nxd4 Nf6 5. Nc3 a6 6. Be3 e5 7. Nb3 Be6 8. f4 exf4 9. Bxf4 Nc6 10. Qe2 Be7 11. h3 0-0 12. 0-0-0 Qc7 13. g4 Ne5 14. Kb1 b5 15. Qg2 Qb7 16. g5 Nh5 17. Bh2 g6 18. Be2 Ng7 19. Nd5 Bxd5 20. Rxd5 Ne6 21. h4 Nc7 22. Rdd1 Nc4 23. Rd3 Ne5 24. Bxe5 dxe5 25. h5 Ne6 26. hxg6 fxg6 27. Bg4 Nf4 28. Qh2 Rf7 29. Rd7 Qxe4 30. Nc5 Qc6 31. Nd3 Nxd3 32. Rxd3 Raf8 33. Re1 Rf2 34. Qxe5 Qxc2+ 35. Ka1 Qxd3 36. Be6+ R8f7 37. Bb3 Kf8 38. Qh8# 1-0

[Event "Moehnesee Cup 36th"]
[Site "Moehnesee"]
[Date "2010.08.26"]
[Round "1"]
[White "Volesky, Alexander"]
[Black "Wittenberg, Andreas"]
[Result "0-1"]
[WhiteElo "1933"]
[BlackElo "2143"]
[PlyCount "94"]
[EventDate "2010.08.26"]
[EventType "swiss"]
[EventRounds "7"]
[EventCountry "GER"]
[SourceTitle "EXT 2011"]
[Source "ChessBase"]
[SourceDate "2010.11.26"]
[SourceVersion "1"]
[SourceVersionDate "2010.11.26"]
[SourceQuality "1"]

1. e4 e6 2. d4 d5 3. exd5 exd5 4. Nf3 Nc6 5. c4 Bb4+ 6. Nc3 Nf6 7. a3 Bxc3+ 8. bxc3 Bg4 9. Be2 dxc4 10. Bxc4 Qe7+ 11. Qe2 Bxf3 12. gxf3 0-0 13. Qxe7 Nxe7 14. Bd2 Nf5 15. 0-0-0 c6 16. h4 Rfe8 17. Bd3 Nd6 18. Rde1 Nb5 19. Kb2 h6 20. Re3 Kf8 21. Rhe1 Red8 22. Re7 Rd7 23. Rxd7 Nxd7 24. Bf4 Nb6 25. Bg3 Rd8 26. Bxb5 cxb5 27. Kb3 Rd7 28. Re5 a6 29. Rc5 Ke7 30. Rc7 Nc4 31. Rxd7+ Kxd7 32. Bf4 Nb6 33. Kc2 Ke6 34. Kd3 Kd5 35. Bc1 Nc4 36. Kc2 h5 37. Kb3 Nd6 38. Bf4 Nf5 39. Bg3 f6 40. Kb4 g5 41. hxg5 fxg5 42. Be5 h4 43. a4 bxa4 44. Kxa4 h3 45. Kb4 b5 46. Ka5 Kc4 47. Kxa6 Nxd4 0-1